50 Books Set in 50 States Quiz Stats

Quiz Updated Oct 1, 2015

Also try: Movie by State
Challenge
Share
Tweet
Embed
Score 0/50 Timer 08:00
0 Plays Today
Book State % Correct
Garden StateNew Jersey
89.7%
The Great GatsbyNew York
87.7%
To Kill a MockingbirdAlabama
86.1%
The Adventures of Tom SawyerMissouri
73.8%
The Scarlet LetterMassachusetts
69.7%
TwilightWashington
66.4%
No Country for Old MenTexas
62.6%
Terre HauteIndiana
60.4%
The ShiningColorado
58.4%
The Color PurpleGeorgia
56.5%
Tortilla FlatCalifornia
53.7%
Lake Wobegon DaysMinnesota
49.1%
Interview with the VampireLouisiana
43.4%
A River Runs Through ItMontana
40.4%
The Bridges of Madison CountyIowa
39.9%
From Here to EternityHawaii
39.8%
Little Town on the PrairieSouth Dakota
38%
The Cider House RulesMaine
37.7%
In Cold BloodKansas
37.4%
The Stepford WivesConnecticut
35.4%
Cold MountainNorth Carolina
32.8%
The Milagro Beanfield WarNew Mexico
30.4%
The Witches of EastwickRhode Island
30.3%
As I Lay DyingMississippi
29.8%
The Confessions of Nat TurnerVirginia
25.9%
Book State % Correct
My AntoniaNebraska
23.3%
A Prayer for Owen MeanyNew Hampshire
21.7%
ShaneWyoming
21.2%
The OutsidersOklahoma
20.3%
The Secret Life of BeesSouth Carolina
19.6%
BelovedOhio
18.8%
Strip TeaseFlorida
18.7%
The Yiddish Policemen's UnionAlaska
18.1%
The Executioner's SongUtah
17.5%
ShilohWest Virginia
17.4%
Native SonIllinois
15.6%
Sometimes a Great NotionOregon
14.4%
The Lovely BonesPennsylvania
12.6%
The Virgin SuicidesMichigan
12.6%
Summer of My German SoldierArkansas
12.5%
The Accidental TouristMaryland
12.1%
Animal DreamsArizona
11.3%
The Ox-Bow IncidentNevada
10.3%
Hawkes HarborDelaware
9.4%
HousekeepingIdaho
9%
Love MedicineNorth Dakota
8.9%
A Day No Pigs Would DieVermont
8.7%
In CountryKentucky
8.2%
A Death in the FamilyTennessee
7.5%
Vinegar HillWisconsin
6.2%

You're not logged in!

Compare scores with friends on all Sporcle quizzes.
Sign Up with Email
OR
Log In

You Might Also Like...

Show Comments

Extras

Top Quizzes Today


Score Distribution

Your Account Isn't Verified!

In order to create a playlist on Sporcle, you need to verify the email address you used during registration. Go to your Sporcle Settings to finish the process.